| 000 | 00627nac a22001931u 4500 | ||
|---|---|---|---|
| 008 | 120401t xxu||||| |||| 00| 0 eng d | ||
| 010 | _a93080646 | ||
| 020 | _a0070532826 | ||
| 082 | 0 | 0 |
_a006.32 _bFUN |
| 100 |
_aFu, LiMin, _929534 |
||
| 245 | 1 | 0 |
_aNeural Networks in Computer Intelligence / _cLiMin Fu. |
| 260 |
_aNew Delhi : _bMcGraw-Hill, _cc1994. |
||
| 300 |
_axix, 460 p. : _bill. ; _c25 cm. |
||
| 504 | _aIncludes bibliographical references and index. | ||
| 650 | 0 |
_aNeural networks (Computer science) _929535 |
|
| 650 | 0 |
_aArtificial intelligence. _929536 |
|
| 653 | _bCS | ||
| 942 |
_cBB _k006.32 FUN _2ddc |
||
| 999 |
_c644 _d644 |
||